000 00546nam a2200157 a 4500
008 120416s0000 ||||||||||||||||| || u
020 _a0340051280
050 _aPE 1119 Dru
100 _aDruce, Robert
245 1 0 _aProject survival
246 _astructural English, vol 2 part one
260 _aLondon
_bThe English University Press
_c1968
300 _aviii, 179p.
350 _a0.00
995 _D0.00
_FCBU-MAIN LIBRARY (Kitwe)
_H1
_I1.50
_M1
_UAVAILABLE
_ZAnnex Low-Usage Collection
999 _c55060
_d55060